000
00282nam a22001337a 4500
008
190129b xxu||||| |||| 00| 0 eng d
020
_a
0201078363
041
_a
eng
080
_2
6th
_a
531
100
_a
43
101
_a
FIZ
245
_a
College Physics
_c
Sears
942
_2
udc
_c
BK
999
_c
53882
_d
53882